Ottoman Empire A-Z - Statistics

General Stats
  • This quiz has been taken 106 times
  • The average score is 14 of 23
Answer Stats
Letter Clue Answer % Correct
C Capital of the Byzantine Empire and later the Ottomans Constantinople
98%
A A genocide done by Turkish people Armenian Genocide
96%
I Religion that they followed Islam
90%
F Country that allianced with the Ottomans, UK, and Sardinia in the Crimean War France
88%
H Church turned into a mosque that was constructed by Justinian Hagia Sophia
83%
U Present day country where the majority of the Crimean war took place Ukraine
80%
L Region including Israel and Syria Levant
77%
Y Southern-most extent of the Ottoman Empire at its peak(country) Yemen
77%
E Country that was invaded by Napoleon in 1801 Egypt
75%
G Istanbul peninsula that hap a campaign led by Winston Churchill Gallipoli
72%
T Seat of the Ottoman Empire(country) Turkey
72%
V City that was sieged twice by the Ottomans Vienna
69%
W Kingdom conquered by the Ottomans, which included Vlad the Impaler Wallachia
69%
R Island conquered (with siege) by Suleyman the Magnificent Rhodes
68%
O First ruler of the Ottoman Empire Osman
62%
M Person who captured the Byzantine Capital Sultan Mehmed
56%
B First capital of the Ottomans Bursa
53%
P Common surname Pasha
37%
J Government corp Janissaries
32%
S Longtime rival empire of the Ottomans Safavid
26%
K Major woman in the "Sultanate of Women", the mother of Murad 4 Kosem Sultan
20%
N The Battle that secured Greece independence from the Ottomans Navarino
4%
D Translators of the Ottoman Empire dragonman
0%
No matching quizzes found
Score Distribution
Percent of People with Each Score
Percentile by Number Answered
Your Score History
You have not taken this quiz